Normal view
MARC view
- Dickens ,. C
Entry Personal Name
001 - CONTROL NUMBER
- control field: 214365
003 - CONTROL NUMBER IDENTIFIER
- control field: OSt
005 - DATE AND TIME OF LATEST TRANSACTION
- control field: 20251013221652.0
008 - FIXED-LENGTH DATA ELEMENTS
- fixed length control field: 251013|| aca||aabn | a|a d
040 ## - CATALOGING SOURCE
- Original cataloging agency: OSt
- Transcribing agency: OSt
100 ## - HEADING--PERSONAL NAME
- Personal name: Dickens ,. C
670 ## - SOURCE DATA FOUND
- Source citation: Work cat.: (OSt)368647: Dickens ,. C., Tale Of Two Cities, 1992